00357nam a2200133Ia 4500008004100000041000800041082001800049100002500067245003800092250001400130260003900144300003100183365000900214240624s9999 xx 000 0 und d aeng a620.00452 OCO aO CONNOR PATRICK D T aPRACTICAL RELIABILITY ENGINEERING a(4th ed.) c2006aNew DelhibJohn Wiley & Sons axxv, : 511 : p. : cm. ; 25 cb25